[Event "Nova Gorica op 23rd"]
[Site "Nova Gorica"]
[Date "2018.01.31"]
[Round "8"]
[White "Ziberna, Giuliano"]
[Black "Cokan, Mirko"]
[Result "1-0"]
[WhiteElo "1595"]
[BlackElo "1696"]
[PlyCount "111"]
[EventDate "2018.01.26"]
[EventType "swiss"]
[EventRounds "9"]
[EventCountry "SLO"]
[SourceTitle "CBM 182 Extra"]
[Source "ChessBase"]
[SourceDate "2018.02.23"]
[SourceVersion "1"]
[SourceVersionDate "2018.02.23"]
[SourceQuality "1"]

1. c4 e5 2. g3 Nc6 3. Bg2 f5 4. Nc3 Nf6 5. a3 Be7 6. e3 d6 7. Nge2 Be6 8. b3 0-0 9. Bb2 Qc8 10. d4 Bd7 11. Qd2 Rb8 12. d5 Na5 13. Qc2 b6 14. Na2 Nb7 15. Nb4 Nc5 16. Nc6 Bxc6 17. dxc6 Qe8 18. b4 Nce4 19. b5 g6 20. Nc3 Nc5 21. Nd5 Rc8 22. Nxf6+ Bxf6 23. Bd5+ Kg7 24. h4 e4 25. Bxf6+ Rxf6 26. 0-0-0 Qe5 27. Kb1 Nd3 28. h5 a6 29. f4 Qe7 30. Rh2 Rh8 31. Qc3 gxh5 32. Rdh1 axb5 33. Rxh5 Nf2 34. R1h4 Ng4 35. Rxf5 Ne5 36. Rg5+ Rg6 37. Rhg4 Kh6 38. Rh4+ Kg7 39. Rxg6+ Kxg6 40. Bxe4+ Kg7 41. Rg4+ Kh6 42. fxe5 dxe5 43. Rh4+ Kg7 44. c5 Qf6 45. Qe1 h6 46. Rg4+ Kf7 47. Rg6 Qe7 48. Qf1+ Ke8 49. Bd5 Rf8 50. Qd3 Rf6 51. Rg8+ Rf8 52. Qg6+ Kd8 53. Rg7 Qxc5 54. Rd7+ Kc8 55. Rxc7+ Kxc7 56. Qg7+ 1-0

[Event "Nova Gorica op 22nd"]
[Site "Nova Gorica"]
[Date "2017.01.28"]
[Round "3"]
[White "Petrovcic, Cvetko"]
[Black "Ziberna, Giuliano"]
[Result "1-0"]
[WhiteElo "1655"]
[BlackElo "1464"]
[PlyCount "103"]
[EventDate "2017.01.27"]
[EventType "swiss"]
[EventRounds "9"]
[EventCountry "SLO"]
[SourceTitle "CBM 176 Extra"]
[Source "ChessBase"]
[SourceDate "2017.03.02"]
[SourceVersion "1"]
[SourceVersionDate "2017.03.02"]
[SourceQuality "1"]

1. d4 Nf6 2. Bg5 d5 3. e3 Ne4 4. Bh4 c6 5. f3 Qa5+ 6. c3 g5 7. fxe4 gxh4 8. e5 h5 9. Nd2 Bg4 10. Be2 Bh6 11. Kf2 Rg8 12. Ngf3 h3 13. g3 Nd7 14. Qc2 Nf8 15. Bd3 Qc7 16. a4 f6 17. Bf5 e6 18. Bd3 f5 19. b4 Nd7 20. c4 Rc8 21. c5 a6 22. Rhb1 Kf7 23. Rb3 Ra8 24. Rab1 Ra7 25. b5 axb5 26. axb5 cxb5 27. Rxb5 Rga8 28. R1b2 Nf8 29. Rb6 Ng6 30. Qb1 Rb8 31. c6 Ne7 32. Rxb7 Rbxb7 33. Rxb7 Rxb7 34. cxb7 Nc6 35. Qb5 Nb8 36. Qb4 Bxf3 37. Kxf3 Qc1 38. Nf1 Qd1+ 39. Be2 Qc2 40. Qc5 Qe4+ 41. Kf2 Qg2+ 42. Ke1 Bxe3 43. Bxh5+ Kg7 44. Nxe3 Qh1+ 45. Nf1 Qe4+ 46. Be2 Qb1+ 47. Kf2 Qxb7 48. Qc1 Qe7 49. Qc8 Nd7 50. Qc7 Kf8 51. Bb5 Ke8 52. Nd2 1-0

[Event "Otocec Krka Terme op"]
[Site "Otocec"]
[Date "2016.10.23"]
[Round "4"]
[White "Urbanc, Ana"]
[Black "Ziberna, Giuliano"]
[Result "1-0"]
[WhiteElo "1638"]
[BlackElo "1500"]
[PlyCount "79"]
[EventDate "2016.10.21"]
[EventType "swiss"]
[EventRounds "5"]
[EventCountry "SLO"]
[SourceTitle "EXT 2019"]
[Source "ChessBase"]
[SourceDate "2018.10.10"]
[SourceVersion "1"]
[SourceVersionDate "2018.10.10"]
[SourceQuality "1"]

1. e4 Nf6 2. Nc3 e5 3. Nf3 d6 4. Bc4 Bg4 5. h3 Bh5 6. 0-0 h6 7. Be2 Bg6 8. d3 Be7 9. Nh2 c6 10. f4 exf4 11. Rxf4 Nbd7 12. Be3 Qc7 13. Rf1 a6 14. a4 0-0 15. Kh1 b5 16. Ng4 b4 17. Nb1 Nxg4 18. Bxg4 Ne5 19. Nd2 a5 20. Bd4 Rad8 21. Bxe5 dxe5 22. Qe2 Bc5 23. b3 Qe7 24. Nc4 Ra8 25. Bf5 Bh7 26. Bxh7+ Kxh7 27. Qg4 f6 28. Rf3 Bd6 29. Raf1 Bc7 30. Rg3 Qf7 31. Ne3 Rae8 32. Nc4 Re7 33. Qe2 Re6 34. Qe3 Qd7 35. Qa7 Qd8 36. Nxa5 Re7 37. Nxc6 Bd6 38. Nxe7 Bxe7 39. Rd1 Rf7 40. d4 1-0

[Event "Otocec Krka Terme op"]
[Site "Otocec"]
[Date "2016.10.22"]
[Round "3"]
[White "Ziberna, Giuliano"]
[Black "Tisaj, Igor"]
[Result "1/2-1/2"]
[WhiteElo "1500"]
[BlackElo "1264"]
[PlyCount "90"]
[EventDate "2016.10.21"]
[EventType "swiss"]
[EventRounds "5"]
[EventCountry "SLO"]
[SourceTitle "EXT 2019"]
[Source "ChessBase"]
[SourceDate "2018.10.10"]
[SourceVersion "1"]
[SourceVersionDate "2018.10.10"]
[SourceQuality "1"]

1. d4 e6 2. g3 Nf6 3. Bg2 c5 4. Nf3 Nc6 5. c3 Be7 6. 0-0 0-0 7. dxc5 Bxc5 8. b4 Bb6 9. a4 Rb8 10. b5 Ne7 11. Qd3 d5 12. Rd1 Ng4 13. e3 e5 14. Qc2 Bf5 15. Qa2 Be6 16. h3 d4 17. c4 e4 18. Nxd4 Nf6 19. Nc3 Qc8 20. Nxe6 Qxe6 21. Ba3 Rbc8 22. Nd5 Nexd5 23. cxd5 Qd7 24. Bxf8 Rxf8 25. Rac1 Qd6 26. Qc2 Re8 27. Qc3 h6 28. a5 Bd8 29. Qd4 b6 30. Rc6 Qa3 31. Bf1 Nd7 32. Ra1 Qf8 33. axb6 Bxb6 34. Rxb6 axb6 35. Ra7 Nc5 36. d6 Rd8 37. d7 Qe7 38. Bc4 Rxd7 39. Rxd7 Qxd7 40. Bd5 Qxb5 41. Bc4 Qd7 42. Bd5 Kf8 43. Qe5 Qe7 44. Qb8+ Qe8 45. Qd6+ Qe7 1/2-1/2